000
00287nam a22001337a 4500
008
170510b xxu||||| |||| 00| 0 eng d
020
_a
9780791042717
041
_a
eng
080
_a
343.9
100
_a
15
101
_a
SHJ
245
_a
ORGANIZED CRIME
_c
WILKER.J
942
_2
udc
_c
BK
999
_c
13065
_d
13065